000 00680nam a2200265Ia 4500
003 OSt
005 20221006144029.0
006 a|||||r|||| 00| 0
007 ta
008 221006b |||||||| |||| 00| 0 eng d
020 _c5.00
024 _a10,686
037 _cTextual
040 _aEASL
_cEASL
_beng
041 _2eng
_aeng
082 _aW691xM93:g, L4
245 0 _aWhat Maoism is really like
260 _aNew Delhi
_bPeople's Publishing House India
_c1974
300 _a166p.
_ccm.
490 _v CEL
650 _a CEL
650 _aMaoism - Criticism of
_9650762
942 _hW691xM93:g, L4
_cTEXL
_2CC
999 _c1078772
_d1078772